| 000 | 00334nam a22001217a 4500 | ||
|---|---|---|---|
| 008 | 180518b xxu||||| |||| 00| 0 eng d | ||
| 041 | _aeng | ||
| 080 | _a043.3 | ||
| 100 | _a0 | ||
| 101 | _aSHKI-MTH | ||
| 245 |
_aZbatimi i një moduli orientimi të paketave (Routing) AD-HOC per nje rrjet eksperimental _cBerisha,R |
||
| 942 |
_2udc _cBK |
||
| 999 |
_c46002 _d46002 |
||